00722nac a22002177a 4500001001000000003000900010005001700019008003400036040005400070072000800124100002600132100001500158110007300173245005800246260003300304300000900337490011100346650002200457650001600479650000900495BR8800868BR-BrBNA20240105120711.0230509b bl.|||m| |||| 00| 0 por d aBR-BrBNAbporcBiblioteca Nacional de Agricultura aF301 aNeves, M. do P.H. das1 aCruz, E.D.1 aCentro de Pesquisa Agropecuaria do Tropico Umido, Belem, PA (Brasil)1 aColeta de forrageiras nativas na ilha de Marajo, Para3 aBelem, PA (Brasil): c1983.  a5 p. aPesquisa em Andamento - Centro de Pesquisa Agropecuaria do Tropico Umido (Brazil)vno. 122xISSN 0101-5613 aPLANTA FORRAGEIRA aGERMOPLASMA aPARA